000 00304nam a22001337a 4500
008 170620b xxu||||| |||| 00| 0 eng d
020 _a9780618522804
041 _aeng
080 _a321
100 _a20
101 _aSHP
245 _aGLOBAL POLITICS IN A CHANGING WORLDS
_cMANSBACH
942 _2udc
_cBK
999 _c18304
_d18304